| 000 | 00841nam a22002057a 4500 | ||
|---|---|---|---|
| 999 |
_c17636 _d17636 |
||
| 003 | AR-CdUCM | ||
| 008 | 190313b ||||| |||| 00| 0 spa d | ||
| 040 |
_aMUNICIPALIDAD PROVINCIAL DEL CUSCO _cBIBLIOTECA MUNICIPAL DEL CUSCO |
||
| 082 |
_a121 / _bC28 |
||
| 100 |
_aCassirer, Ernst _93523 |
||
| 245 |
_aEl Problema del Conocimiento : _ben la Filosofía y en la Ciencia Modernas / |
||
| 260 |
_aMéxico, D.F. : _bFondo de Cultura Económica ; _c1957. |
||
| 300 |
_a576 páginas ; _c22 cm |
||
| 505 | _aContenido: t.1. El renacer del problema del conocimiento -- El descubrimiento del concepto de la naturaleza -- Los fundamentos del idealismo -- t.3. Los sistemas postkantianos. | ||
| 650 |
_aConocimiento _95704 |
||
| 650 |
_aFilosofía _9395 |
||
| 700 |
_aRoces, W. (traductor) _9451 |
||
| 942 |
_2ddc _cLIBROS |
||
| 945 |
_aacv _d2019-05-09 |
||